Habitar, vivir, prever

Shranjeno v:
Bibliografske podrobnosti
Format: Knjiga
Jezik:španščina
Izdano: Barcelona Universitat Autònoma de Barcelona 1995
Teme:
Oznake: Označite
Brez oznak, prvi označite!

MARC

LEADER 00000nam a2200000 a 4500
001 UCU8054
003 CL-VaPUC
005 20250228090215.0
008 960712e19950000sp 1 spa d
082 0 4 |a 304.6  |b HAB  |2 21 
245 1 0 |a Habitar, vivir, prever 
260 |a Barcelona  |b Universitat Autònoma de Barcelona  |c 1995 
300 |a 538 p 
583 |a last modification  |c 19960712 00:00:00  |k Rodrigo Vera 
650 0 0 |a Población  |9 257577 
650 0 0 |a Congresos  |9 257560 
650 0 7 |a CRECIMIENTO  |2 CL-VaPUC  |9 617926 
650 0 0 |a Demografía   |9 260008 
650 0 0 |a Vivienda  |9 258662 
650 0 7 |a INVESTIGACION DEMOGRAFICA  |2 CL-VaPUC  |9 336843 
650 0 7 |a DISTRIBUCION DE LA POBLACION  |2 CL-VaPUC  |9 337513 
651 0 |a España  |9 254926 
942 |c BK 
945 |a rbrito  |d 19960712 00:00:00 
546 |a En Español 
536 |a Universitat Autònoma de Barcelona 
518 |p Actas del congreso de la población española, V, Barcelona, 2 3 4 de noviembre de 1995 
999 |c 382708  |d 382706 
952 |0 0  |1 0  |4 0  |6 304_600000000000000_HAB_1995  |7 0  |8 A  |9 504530  |a BIBING  |b BIBING  |d 2020-01-23  |i 3212734  |o 304.6 HAB 1995  |p 3212734  |r 2025-01-20  |w 2020-01-23  |y BK  |k GEO